000 01144nam a2200289 4500
003 EG-GICUC
005 20260121101144.0
008 251105s1981 ua ||||fr|||| 00| 0 ara d
040 _a EG-GICUC
_bara
_c EG-GICUC
_d EG-GICUC
_erda
041 0 _aara
082 0 4 _221
_a341.84
_bا ب . ت
092 0 4 _221
099 _aLaw1 12 341.84 ا ب . ت 1981
100 0 _aإبراهيم أحمد إبراهيم
_eمؤلف.
245 1 0 _aتنازع القوانين والإختصاص القضائي الدولي/
_cإبراهيم أحمد إبراهيم.
264 _aالقاهرة:
_bدون ناشر،
_c1981.
300 _a351 ؛صفحة
_c24 سم
336 _2rda content
_atext
337 _2rda media
_aComputer
338 _2rda carrier
_aOnline Resource
504 _aيحتوي على ارجاعات ببليوجرافية
546 _aالنص أغلبه باللغة العربية بعض النصوص الإنجليزية والفرنسية
650 1 _aتنازع القوانين
_xقانون دولي
856 4 0 _uhttps://fll.law.cu.edu.eg/fulltext/bks/B12-00704.pdf
905 _aRawan khaled
942 _2ddc
_n0
_cBK
_e21
999 _c40960
_d40960